| 000 | 00531nam a22002057a 4500 | ||
|---|---|---|---|
| 003 | OSt | ||
| 005 | 20140310181938.0 | ||
| 008 | 121201t xxu||||| |||| 00| 0 eng d | ||
| 020 | _a185326153X | ||
| 050 |
_aPR 4822 _b.J45 1995 |
||
| 082 |
_aCLA _bJ35w 1995 |
||
| 100 |
_aJefferies, Richard _93515 |
||
| 245 |
_aWood Magic / _cRichard Jefferies. |
||
| 260 |
_aDenmark : _bWordsworth Classics, _cc1995. |
||
| 300 |
_c18 cm. _a263 p. : |
||
| 541 | _j1 | ||
| 562 | _e1 | ||
| 650 |
_a Classics. _92808 |
||
| 942 |
_2lcc _cBBK _kCLA |
||
| 999 |
_c7599 _d7599 |
||